UEFA Champions League top scorers by season - Statistics

General Stats
  • This quiz has been taken 3,269 times
    2,935 since last reset
  • The average score is 9 of 18
Answer Stats
Answer % Correct
Cristiano Ronaldo
100%
Lionel Messi
100%
Neymar
90%
Kaká
78%
Andriy Shevchenko
75%
Raúl
73%
Ruud van Nistelrooy
68%
Alessandro Del Piero
58%
Rivaldo
52%
Dwight Yorke
37%
Fernando Morientes
35%
Romário
34%
Jari Litmanen
24%
George Weah
20%
Ronald Koeman
20%
Mário Jardel
16%
Milinko Pantić
5%
Wynton Rufer
5%
No matching quizzes found
Score Distribution
Percent of People with Each Score
Percentile by Number Answered
Your Score History
You have not taken this quiz since the last reset